| 000 | 00762cab a2200241 4500 | ||
|---|---|---|---|
| 001 | WB3504-24 | ||
| 008 | 090401t1999 xxu||||| |||| 00| 0 eng d | ||
| 035 | _a(Sirsi) u90989 | ||
| 041 | _aeng | ||
| 245 | _aAppeal of the rented sector | ||
| 260 | _c1999 | ||
| 350 | _a0 | ||
| 490 |
_aFinancial Times _v29 January 1999, 22 & 8 (2) |
||
| 520 | _aSchroders and FPDSavills are considering setting up a unit trust structure to enable companies and institutions to invest in rented residential accommodation. | ||
| 650 | _aFPDSAVILLS | ||
| 650 | _aRENTAL ACCOMMODATION | ||
| 650 |
_aRESIDENTIAL PROPERTY _96266 |
||
| 650 | _aSCHRODERS | ||
| 650 | _aUNIT TRUST | ||
| 690 | _aPROPERTY-PROPERTY FINANCE AND INVESTMENT | ||
| 942 | _n0 | ||
| 948 | _c29/01/1999 | ||
| 999 |
_c57730 _d57730 |
||